000 00608nam a22001817a 4500
003 CEME
005 20210628210029.0
008 210210b xxu||||| |||| 00| 0 eng d
020 _a1-58053-024-9
040 _c.
082 _a621.3848 STO
100 _aStone, Lawrence.D Corwin, Thomas.L Barlow, Carl.A
_977903
245 _aBayesian multiple target tracking
260 _aBOSTON
_bARTECH HOUSE
_c1999
300 _a297P
650 _aTRACKING RADAR-MATHEMATICS BAYESIAN STATISTICAL DECISION THEORY SEARCH THEORY MULTISENSOR DATA FUSION TARGET TRACKING DETECTION AND TRACKING
_977904
942 _cBK
_2ddc
999 _c583087
_d583087